Christophe Galtier's Paris Saint-Germain - Statistics

General Stats
  • This quiz has been taken 14 times
  • The average score is 21 of 28
Answer Stats
Rank Player Position Nationality Matches Goals Assists % Correct
8 Achraf Hakimi Right-Back 39 5 6
100%
5 Danilo Pereira Centre-Back 44 2 1
100%
10 Fabián Ruiz Central Midfield 37 3 3
100%
1 Gianluigi Donnarumma Goalkeeper 48 0 0
100%
6 Kylian Mbappé Centre-Forward 43 41 11
100%
7 Lionel Messi Right Winger 41 21 20
100%
4 Marquinhos Centre-Back 44 2 1
100%
13 Nuno Mendes Left-Back 32 2 7
100%
21 Presnel Kimpembe Centre-Back 15 0 0
100%
3 Sergio Ramos Centre-Back 45 4 1
100%
2 Vitinha Central Midfield 48 2 4
100%
25 Keylor Navas Goalkeeper 2 0 0
92%
9 Marco Verratti Central Midfield 38 0 1
92%
16 Neymar Attacking Midfield 29 18 19
92%
12 Carlos Soler Central Midfield 35 6 4
85%
11 Juan Bernat Left-Back 36 2 5
85%
24 Leandro Paredes Defensive Midfield 4 0 1
77%
19 Pablo Sarabia Right Winger 19 0 0
77%
14 Hugo Ekitiké Centre-Forward 32 4 4
69%
15 Warren Zaïre-Emery Central Midfield 31 2 0
69%
18 Nordi Mukiele Right-Back 25 0 3
54%
23 Timothée Pembélé Right-Back 6 0 1
54%
17 Renato Sanches Central Midfield 27 2 0
46%
20 El Chadaille Bitshiabu Centre-Back 16 0 0
31%
22 Ismaël Gharbi Left Winger 8 0 1
31%
28 Alexandre Letellier Goalkeeper 1 0 0
23%
27 Arnaud Kalimuendo Centre-Forward 1 0 0
15%
26 Ilyes Housni Centre-Forward 2 0 0
8%
No matching quizzes found
Score Distribution
Percent of People with Each Score
Percentile by Number Answered
Your Score History
You have not taken this quiz